| 000 | 00378nam a2200145Ia 4500 | ||
|---|---|---|---|
| 008 | 150201s2000 xx 000 0 und d | ||
| 082 |
_a616.07 _bM2000W |
||
| 100 | _aWARSI,M.A NAUSRAT | ||
| 245 | _aMCQS IN ORAL & MAXILLOFACIAL PATHOLOGY | ||
| 250 | _a1ST | ||
| 260 |
_bJAYPEE MEDICAL PUBLISHER _aDELHI _c2000 |
||
| 300 | _aJan-94 | ||
| 650 | _aORAL PATHOLOGY | ||
| 942 |
_2ddc _cBK |
||
| 999 |
_c2960 _d2960 |
||